Organizational knowledge in the making (Record no. 4441)

MARC details
000 -CABECERA
campo de control de longitud fija 01446cam a2200301 a 4500
001 - NÚMERO DE CONTROL
campo de control 2851802
003 - IDENTIFICADOR DEL NÚMERO DE CONTROL
campo de control CaAEU
005 - FECHA Y HORA DE LA ÚLTIMA TRANSACCIÓN
campo de control 20241218125121.0
008 - DATOS DE LONGITUD FIJA--INFORMACIÓN GENERAL
campo de control de longitud fija 021003s2003 enka b 001 0 eng
010 ## - NÚMERO DE CONTROL DE LA BIBLIOTECA DEL CONGRESO
Número de control de LC 2002038132
020 ## - NÚMERO INTERNACIONAL ESTÁNDAR DEL LIBRO
Número Internacional Estándar del Libro 9780199256785
035 ## - NÚMERO DE CONTROL DEL SISTEMA
Número de control de sistema ocm50738011
040 ## - FUENTE DE LA CATALOGACIÓN
Centro catalogador/agencia de origen DLC
Lengua de catalogación eng
Centro/agencia transcriptor DLC
Centro/agencia modificador UKM
-- AEU
041 ## - CÓDIGO DE LENGUA
Código de lengua del texto/banda sonora o título independiente eng
042 ## - CÓDIGO DE AUTENTICACIÓN
Código de autenticación pcc
049 ## - FONDOS LOCALES (OCLC)
Fondos de biblioteca UABA
050 00 - SIGNATURA TOPOGRÁFICA DE LA BIBLIOTECA DEL CONGRESO
Número de clasificación HD30.2
Número de documento/Ítem .P38 2003
100 ## - ENTRADA PRINCIPAL--NOMBRE DE PERSONA
Nombre de persona Patriotta, Gerardo
9 (RLIN) 24404
Término indicativo de función/relación author
245 10 - MENCIÓN DE TÍTULO
Título Organizational knowledge in the making
Resto del título : how firms create, use, and institutionalize knowledge
Mención de responsabilidad, etc. / Gerardo Patriotta.
260 ## - PUBLICACIÓN, DISTRIBUCIÓN, ETC.
Lugar de publicación, distribución, etc. Oxford ;
-- New York , NY :
Nombre del editor, distribuidor, etc. Oxford University Press,
Fecha de publicación, distribución, etc. 2003.
300 ## - DESCRIPCIÓN FÍSICA
Extensión x, 232 pages :
Otras características físicas illustrations ;
Dimensiones 24 cm.
504 ## - NOTA DE BIBLIOGRAFÍA, ETC.
Nota de bibliografía, etc. Includes bibliographical references (p. [213]-223) and index.
520 ## - SUMARIO, ETC.
Sumario, etc. This book deals with the processes by which organizations create, use, and retain knowledge on a day-to-day basis. It provides a critical review of the concepts, debates, and assumptions underpinning existing perspectives on organizational knowledge, and suggests a new vocabulary for understanding knowledge-oriented phenomena in organizations. The book invites scholars, managers, and practitioners to reflect upon the repertoire of knowledge they possess and yet cannot articulate.
610 #0 - PUNTO DE ACCESO ADICIONAL DE MATERIA--NOMBRE DE ENTIDAD CORPORATIVA
Nombre de entidad corporativa o nombre de jurisdicción como elemento de entrada Fiat (Firm)
9 (RLIN) 24405
650 #0 - PUNTO DE ACCESO ADICIONAL DE MATERIA--TÉRMINO DE MATERIA
Término de materia o nombre geográfico como elemento de entrada Knowledge management
9 (RLIN) 2563
650 #0 - PUNTO DE ACCESO ADICIONAL DE MATERIA--TÉRMINO DE MATERIA
Término de materia o nombre geográfico como elemento de entrada Organizational learning
Subdivisión general Management
9 (RLIN) 24406
942 ## - ELEMENTOS DE ENTRADA AGREGADA (KOHA)
Fuente del sistema de clasificación o colocación Clasificación de Library of Congress
Holdings
Estado de retiro Estado de pérdida Fuente del sistema de clasificación o colocación Estado dañado No para préstamo Biblioteca de origen Biblioteca actual Fecha de adquisición Total de préstamos Signatura topográfica completa Código de barras Fecha visto por última vez Número de copia Precio válido a partir de Tipo de ítem Koha
    Clasificación de Library of Congress     TBS Barcelona TBS Barcelona 18/12/2024   HD30.2 PAT B02890 18/12/2024 1 18/12/2024 Book

Powered by Koha